Т. 7; Труды института океанологии

Dades bibliogràfiques
Parent link:Труды института океанологии/ Академия наук СССР (АН СССР) ; под ред. В. Н. Никитина. Т. 7.— , 1948
Idioma:rus
Publicat: 1953
Matèries:
Format: MixedMaterials Llibre
KOHA link:https://koha.lib.tpu.ru/cgi-bin/koha/opac-detail.pl?biblionumber=231842

MARC

LEADER 00000nam2a2200000 4500
001 231842
005 20231101231123.0
035 |a (RuTPU)RU\TPU\book\252868 
035 |a RU\TPU\book\252867 
090 |a 231842 
100 |a 20130206d1953 k y0rusy50 ca 
101 0 |a rus 
102 |a RU 
105 |a a z 001zy 
200 0 |a Т. 7 
210 |d 1953 
215 |a 327 с.  |c ил. 
317 |5 63413507: КР-945  |a Поступила в НТБ в 2004 г. в составе книжного собрания профессора ТПИ К. В. Радугина. 
320 |a Библиогр. в конце ст. 
461 1 |0 (RuTPU)RU\TPU\book\254617  |t Труды института океанологии  |f Академия наук СССР (АН СССР) ; под ред. В. Н. Никитина  |v Т. 7  |d 1948 
600 1 |a Никитин  |b В. Н.  |c советский гидробиолог  |c создатель грузинской школы гидробиологов  |f 1885-1972  |g Василий Никитич  |2 stltpush  |3 (RuTPU)RU\TPU\pers\31124 
606 1 |a Океанология  |2 stltpush  |3 (RuTPU)RU\TPU\subj\46870  |9 65963 
610 1 |a Черное море 
610 1 |a отложения 
610 1 |a галька 
610 1 |a перемещение 
610 1 |a абразия 
610 1 |a Белое море 
610 1 |a библиотека К. В. Радугина 
675 |a 551.46  |v 3 
801 1 |a RU  |b 63413507  |c 20130206 
801 2 |a RU  |b 63413507  |c 20220525  |g RCR 
942 |c BK